000 00603ntaaa2200193 4500
003 01
005 20251027201350.0
008 0714s1973 ag 01
040 _aAR-BaBN
_bspa
_cAR-BaBN
_eaacr
_dRIC
082 _a225.0100 F82p
100 _aFoulkes, R.
_912057
245 _aPanorama del Nuevo Testamento
250 _a1 ed.
260 _aSan José :
_bEditorial Caribe,
_cc1968
300 _a98 p.
500 _aEditado también con el título, "Síntesis del Nuevo Testamento", como curso del Seminario Bíblico Latinoamericano.
650 _aBiblia-Nuevo Testamento-Introducción
_9197
942 _cBK
999 _c8177
_d8177